<?xml version="1.0" encoding="UTF-8"?>
<marc:record xmlns:marc="http://www.loc.gov/MARC21/slim">
   <marc:leader>00000nam a2200000 a 4500</marc:leader>
   <marc:datafield ind1="1" ind2=" " tag="100">
      <marc:subfield code="a">Strada, Octavius ¬de¬</marc:subfield>
      <marc:subfield code="4">aut</marc:subfield>
      <marc:subfield code="e">Verfasser/-in</marc:subfield>
   </marc:datafield>
   <marc:datafield ind1=" " ind2=" " tag="653">
      <marc:subfield code="a">Geschichte</marc:subfield>
   </marc:datafield>
   <marc:datafield ind1=" " ind2=" " tag="653">
      <marc:subfield code="a">s||Münze</marc:subfield>
   </marc:datafield>
   <marc:datafield ind1=" " ind2=" " tag="653">
      <marc:subfield code="a">g||Römisches Reich</marc:subfield>
   </marc:datafield>
   <marc:datafield ind1=" " ind2=" " tag="653">
      <marc:subfield code="a">s||Imperator</marc:subfield>
   </marc:datafield>
   <marc:datafield ind1="0" ind2="0" tag="245">
      <marc:subfield code="a">De Vitis Imperatorvm Et Caesarvm Romanorvm, Tam Occidentalivm Qvam Orientalivm, Nec Non Vxorvm Et Liberorvm Eorvm</marc:subfield>
   </marc:datafield>
   <marc:datafield ind1="0" ind2="0" tag="245">
      <marc:subfield code="b">Item Tyrannorum omnium, qui diuersis temporibus Romanum Imperium attentare &amp; occupare conati sunt, inde à C. Jvlio Caesare, primo Monarcha, vsque ad D.N. Imperatorem, Caesarem Matthiam, vnà cum eorum effigiebus &amp; symbolis; illis quidem ex probatissimis ta</marc:subfield>
   </marc:datafield>
   <marc:datafield ind1="0" ind2="0" tag="245">
      <marc:subfield code="c">Opus Novum Ac Longe Praeclarissimum ... Octavii De Strada a Rosberg ... congestum &amp; adornatum</marc:subfield>
   </marc:datafield>
   <marc:datafield ind1=" " ind2="1" tag="264">
      <marc:subfield code="a">Francofurti ad Moenum</marc:subfield>
      <marc:subfield code="b">Bringer</marc:subfield>
      <marc:subfield code="c">1615</marc:subfield>
   </marc:datafield>
   <marc:datafield ind1="1" ind2=" " tag="520">
      <marc:subfield code="a">Titelbl. in Rot- und Schwarzdr.</marc:subfield>
   </marc:datafield>
   <marc:datafield ind1=" " ind2=" " tag="300">
      <marc:subfield code="a">[6] Bl., 514 S., [4] Bl. : zahlr. Ill.; 31 cm</marc:subfield>
   </marc:datafield>
</marc:record>
